Normal view
MARC view
Entry Personal Name
001 - CONTROL NUMBER
- control field: 11329
003 - CONTROL NUMBER IDENTIFIER
- control field: BD-RjUL
005 - DATE AND TIME OF LATEST TRANSACTION
- control field: 20240201104910.0
008 - FIXED-LENGTH DATA ELEMENTS
- fixed length control field: 240201|| aca||aabn | a|a d
040 ## - CATALOGING SOURCE
- Original cataloging agency: BD-RjUL
- Transcribing agency: BD-RjUL
100 ## - HEADING--PERSONAL NAME
- Personal name: امين, ابوالقاسم ;; Amin, Abu Al-Qasim
670 ## - SOURCE DATA FOUND
- Source citation: Work cat.: (BD-RjUL)82891: امين, ابوالقاسم ;; Amin, Abu Al-Qasim, زیست شناسی جانوري ;; Zest Chanasi January /, 1344[1925]